LEADER 00895nam0-22003131i-450- 001 990001827620403321 005 20110419162054.0 035 $a000182762 035 $aFED01000182762 035 $a(Aleph)000182762FED01 035 $a000182762 100 $a20030910d1997----km-y0itay50------ba 101 0 $aita 102 $aIT 200 1 $aCiliegio$estoria, tecnica e mercato$fCentro Divulgazione Agricola 210 $aBologna$cEdagricole$d1997 215 $a53 p.$d26 cm 225 1 $a<>Divulgatore$eperiodico di informazione agricola zootecnica forestale$v20(5),1997 610 0 $aCiliege 610 0 $aPrunus avium 676 $a634.23 712 02$aCentro divulgazione agricola 801 0$aIT$bUNINA$gRICA$2UNIMARC 901 $aBK 912 $a990001827620403321 952 $a60 630 B 237/5-97$b7499$fFAGBC 959 $aFAGBC 996 $aCiliegio$974471 997 $aUNINA LEADER 01290nam0-22004091i-450- 001 990003849510403321 005 20080114095443.0 035 $a000384951 035 $aFED01000384951 035 $a(Aleph)000384951FED01 035 $a000384951 100 $a20030910d--------km-y0itay50------ba 101 0 $aita 102 $aIT 200 1 $aHistoire de l'économie americaine$fpar Ross Robertson. 210 $aParis$cInstitut pour le developpement économique$cBanque internationale pour la reconstruction et le developpement$d1963. 215 $a7 v. (903 p.)$cill.$d21 cm 300 $a[Trad. di: History of the American Economy, 1955] 610 0 $aStati Uniti$aStoria economica 676 $aE/3 676 $aE/4 676 $aE/5 676 $aF/1.221 700 1$aRobertson,$bRoss M.$0123533 801 0$aIT$bUNINA$gRICA$2UNIMARC 901 $aBK 912 $a990003849510403321 952 $aE/0 ROB/1$b039978/114$fSES 952 $aE/0 ROB/2$b039978/115$fSES 952 $aE/0 ROB/3$b039978/116$fSES 952 $aE/0 ROB/4$b039978/117$fSES 952 $aE/0 ROB/5$b039978/118$fSES 952 $aE/0 ROB/6$b039978/119$fSES 952 $aE/0 ROB/7$b039978/120$fSES 959 $aSES 996 $aHistoire de l'économie americaine$9515209 997 $aUNINA